The Rest Must Die /

Spremljeno u:
Bibliografski detalji
Glavni autor: Foster, Richard (autor)
Format: Knjiga
Jezik:engleski
Izdano: Greenwich, EUA : Fawcett Gold Medal, 1959, c1959
Oznake: Dodaj oznaku
Bez oznaka, Budi prvi tko označuje ovaj zapis!

MARC

LEADER 00000nam^a2200000^a^4500
001 000579797
005 20250521000000.0
009 20260310132536.393
037 |a Acervo ITESO - Biblioteca 
041 |a ING 
091 |a FAW. 00173 
100 |a Foster, Richard  |e (autor) 
245 1 4 |a The Rest Must Die / 
264 4 |a Greenwich, EUA :  |b Fawcett Gold Medal,  |c 1959, c1959 
300 |a 176 p. 
336 |a texto  |b txt  |2 rdacontenido 
337 |a sin mediación  |b n  |2 rdamedio 
338 |a volumen  |b nc  |2 rdasoporte 
649 |a XX 
910 |a Fondo Adolfo J. Wriedt Kentzler 
920 |a Impresos - Libros 
930 |a Fondos Especiales 
940 |a Literatura 
905 |a 128 
901 |a 0500409992  |b IT2  |c ESP  |i D84693  |u 20250521 
902 |a https://opac.biblio.iteso.mx/vufind/Record/000579797